|
|
|
|
| LEADER |
00000cam a2200000 a 4500 |
| 005 |
20110728124725.0 |
| 008 |
080418s2008 spc|||| |||| 0|0 0 spa c |
| 017 |
|
|
|a DL B. 17621-2008
|b Biblioteca de Catalunya
|
| 020 |
|
|
|a 9788476988084
|
| 035 |
|
|
|a 2366
|
| 040 |
|
|
|d vLex
|
| 043 |
|
|
|a e-sp---
|b e-sp---
|2 catmarc
|
| 080 |
|
|
|a 347.94(460)
|
| 090 |
|
|
|c 2238
|d 2238
|
| 245 |
0 |
0 |
|a Aspectos problemt̀icos en la valoracin̤ de la prueba civil /
|c Xavier Abel Lluch, Joan Pic ̤i Junoy (directores) ; Cristina Luis Vilchez ... [et al.]
|h [Recurso electrn̤ico]
|
| 256 |
|
|
|a Servicio en ln̕ea.
|
| 260 |
|
|
|a Barcelona :
|b J.M. Bosch,
|c 2008
|
| 300 |
|
|
|a 161 p. ;
|c 24 cm
|
| 504 |
|
|
|a Bibliografa̕ p. 160-161
|
| 506 |
1 |
|
|a Contenido solo disponible en los productos indicados
|d vLex Global
|d vLex Global (Academic Edition, excluding Law Schools)
|d vLex Global (U.S. Academic Edition, Law Schools)
|d vLex Global (U.S. Academic Edition, excluding Law Schools)
|d vLex Global (Academic Edition, Law Schools)
|
| 650 |
0 |
7 |
|a Procesal
|2 Tesauro vLex
|
| 650 |
0 |
7 |
|a Prueba
|2 Tesauro vLex
|
| 650 |
0 |
7 |
|2 Tesauro vLex
|a Valoracin̤ de la prueba
|
| 650 |
0 |
7 |
|2 Tesauro vLex
|a Proceso civil
|
| 650 |
0 |
7 |
|2 Tesauro vLex
|a Invalidez Permanente Admitida, Ante o Pagamento Parcial do Seguro
|
| 700 |
1 |
|
|a Luis Vilchez, Cristina
|
| 700 |
1 |
|
|a Abel Lluch, Xavier,
|e dir.
|
| 700 |
1 |
|
|a Pic ̤i Junoy, Joan,
|e dir.
|
| 740 |
0 |
|
|a vLex Libros (Servicio en ln̕ea)
|
| 830 |
|
0 |
|a Bosch procesal
|
| 856 |
4 |
0 |
|z Acceso restringido
|u http://vlex.com/source/prueba-civil-aspectos-problematicos-valoracion-2366
|
| 942 |
|
|
|c BOOK
|